Revista de História (Registro n. 732)

Detalhes MARC
000 -LEADER
fixed length control field 00790nas a22002057a 4500
005 - DATE AND TIME OF LATEST TRANSACTION
control field 20260603152320.0
008 - FIXED-LENGTH DATA ELEMENTS--GENERAL INFORMATION
fixed length control field 260529b19901998porf||p| ||||f00| z0por d
040 ## - CATALOGING SOURCE
Transcribing agency BR-ViAPE
245 ## - TITLE STATEMENT
Title Revista de História
260 ## - PUBLICATION, DISTRIBUTION, ETC.
Place of publication, distribution, etc. Vitória
Name of publisher, distributor, etc. Universidade Federal do Espírito Santo, Centro de Estudos Gerais, Departamento de História.
Date of publication, distribution, etc. 1990-1998
300 ## - PHYSICAL DESCRIPTION
Extent v.
Other physical details il.
310 ## - CURRENT PUBLICATION FREQUENCY
Current publication frequency Semestral
362 ## - DATES OF PUBLICATION AND/OR SEQUENTIAL DESIGNATION
Dates of publication and/or sequential designation n. 1 (1990) - n. 7 (1999).
500 ## - GENERAL NOTE
General note Coleção incompleta: disponíveis apenas alguns números do periódico.
650 ## - SUBJECT ADDED ENTRY--TOPICAL TERM
Topical term or geographic name entry element História
General subdivision Artigos
-- Política Social
Geographic subdivision Espírito Santo
651 ## - SUBJECT ADDED ENTRY--GEOGRAPHIC NAME
Geographic name Espírito Santo (Brasil)
Form subdivision Periódicos
710 ## - ADDED ENTRY--CORPORATE NAME
Corporate name or jurisdiction name as entry element Universidade Federal do Espírito Santo, Centro de Estudos Gerais, Departamento de História.
942 ## - ADDED ENTRY ELEMENTS (KOHA)
Source of classification or shelving scheme Dewey Decimal Classification
Koha item type Periódicos
Suppress in OPAC Yes
Exemplares
Withdrawn status Lost status Source of classification or shelving scheme Damaged status Not for loan Home library Current library Date acquired Total checkouts Date last seen Price effective from Koha item type
    Dewey Decimal Classification     Hemeroteca Digital do Arquivo Público do Estado do Espírito Santo Hemeroteca Digital do Arquivo Público do Estado do Espírito Santo 05/29/2026   05/29/2026 05/29/2026 Periódicos